Open Data Biblioteca Nacional de Portugal


República Portuguesa: Ministério da Cultura
Biblioteca Nacional de Portugal

Catálogo da BNP: acesso por Identificadores Unívocos
Registos Bibliográficos associados ao registo de autoridade

Etiqueta de registo: 00254nam 2200025 450
001 2286486
003 http://id.bnportugal.gov.pt/bib/catbnp/2286486
100 ## $a20260518d1775 m y0pory01030103ba
101 0# $apor
102 ## $aPT
105 ## $ay z 000yy
106 ## $ar
200 1# $aMethodo para assistir ao enfermo, e ajudar a bem morrer$eutil aos Ministros da Igreja, e aos Fieis, que na falta destes lhe assistem$fcomposto pelo Padre Joaquim das Neves Ribeiro, Religioso da Ordem de S. Camillo
210 #9 $aLisboa$cna Regia Officina Typografica,$d1775
215 ## $aXX, 298 p.$d8º (16 cm)
307 ## $aNa f. de rosto, brasão de armas real
307 ## $aAssin.: a-t//8, v//4, x//2
317 ## $aPert. na f. de rosto: "Bibliotheca do Collegio do Barro" (carimbo)$5PTBN: R. 1861 P.
321 ## $aBGUC
518 1# $aMétodo para assistir ao enfermo e ajudar a bem morrer
620 ## $dLisboa
700 #1 $aRibeiro,$bJoaquim das Neves,$ffl. 1775$31998674
712 02 $aTipografia Régia$c(Lisboa)$4610$360351
712 02 $aCompanhia de Jesus.$bColégio do Barro$c(Torres Vedras)$4390$3721602
801 #0 $aPT$bBN$gRPC
966 ## $lBN$mFGMON$sR. 1861 P.
971 ## $cpmesqui$d20260518
997 ## $aBIBEOD

OpendataBNP@bnportugal.pt | Mais informação sobre acesso aos dados BNP